LEADER 01386nam a2200277 i 4500 001 000000166986 003 CaOOAMICUS 005 20071121000000.0 008 071121s1947 it u000 u ita u 013 $a144357 040 $aSeMil$bita 100 1 $aGiacchi, Orio <1909-1982>.$0(OLS)http://semarc/name/25665 245 13$aLo stato laico :$bformazione e sviluppo dell'idea e delle sue attuazioni /$cOrio Giacchi. 260 $aMilano :$bVita e Pensiero,$c1947. 300 $a71 p. ;$c25 cm. 490 0 $aPubblicazioni dell'Università Cattolica del Sacro Cuore 490 0 $aPubblicazioni dell'Università cattolica del Sacro Cuore. Serie Corsi universitari ;$vVol.18. 650 4$aStato.$0(OLS)http://semarc/subject/2002 650 4$aStato - Laicità.$0(OLS)http://semarc/subject/22120 830 0$aPubblicazioni dell'Università Cattolica del Sacro Cuore.$0(OLS)http://semarc/title/18117 830 0$aPubblicazioni dell'Università cattolica del Sacro Cuore. Serie Corsi universitari ;$vVol.18.$0(OLS)http://semarc/title/24734 850 $aSeMil 852 $aSeMil$W1$xVenegono$y1$m3L III 104$j118146$B118146$CSeMilBibl$Z2$F130464 $81 961 $aRecupero: Altro 996 $6245$aLo stato laico :$bformazione e sviluppo dell'idea e delle sue attuazioni$9(OLS)http://semarc/title/238759 996 $6260$aMilano :$bVita e Pensiero$9(OLS)http://semarc/publisher/29642 LEADER 01581nam a2200265 i 4500 001 000000194145 003 CaOOAMICUS 005 20230516143323.0 008 101105s1797 it u000 u ita u 026 $ahela iun- e.di fies (3) 1797 (A) 040 $aSeMil$bita 100 1 $aGrimaldi, Giuseppe Maria,$c.$0(OLS)http://semarc/name/70574 245 10$aArringhe fatte a nome della civica amministrazione e Capitolo di Pinerolo nel solenne ingresso alla sua Chiesa dell'illustrissimo e reverendissimo monsignore Grimaldi vescovo, e conte e risposte del medesimo. 264 1$aPinerolo :$bpresso Giacinto Scotto,$c1797$e(Torino :$fGiacomo Fea,$g1797) 300 $a26, [2] p. ;$c4°. 500 $aStemma vescovile xilogr. sul r. della prima c. 650 4$aPinerolo (Diocesi) - Lettere pastorali.$0(OLS)http://semarc/subject/3772 650 4$aPinerolo (Diocesi) - Storia religiosa.$0(OLS)http://semarc/subject/32268 700 1 $aScotto, Giacinto,$c.$0(OLS)http://semarc/name/70575 773 0 $t[Lettere pastorali e documenti vari.$d[S.l. : s.n.] $w()23916 850 $aSeMil 852 $aSeMil$W1$xVenegono$y1$mFV.A V 37/14$j225652$B144719$CSeMilBibl$Z2$F156064 $86 996 $6245$aArringhe fatte a nome della civica amministrazione e Capitolo di Pinerolo nel solenne ingresso alla sua Chiesa dell'illustrissimo e reverendissimo monsignore Grimaldi vescovo, e conte e risposte del medesimo$9(OLS)http://semarc/title/279919 996 $6264$aPinerolo :$bpresso Giacinto Scotto$9(OLS)http://semarc/publisher/50560